| 000 | 00924aam a2200289 a 4500 | ||
|---|---|---|---|
| 008 | |||
| 020 | _a0761973753 (pbk.) | ||
| 049 | _aMAIN | ||
| 090 |
_aH62 _bCOM |
||
| 245 | 1 | 2 |
_aA companion to qualitative research / _cedited by Uwe Flick, Ernst von Kardorff, and Ines Steinke ; translated by Bryan Jenner. |
| 260 |
_aLondon : _bSage Publications, _c2004. |
||
| 300 |
_axiv, 432 p. : _bill. ; _c25 cm. |
||
| 500 | _aIncludes index. | ||
| 504 | _aIncludes bibliographical references. | ||
| 650 | 0 |
_aSocial sciences _xMethodology. |
|
| 650 | 0 | _aQualitative research. | |
| 650 | 0 |
_aResearch _xMethodology. |
|
| 650 | 0 |
_aSocial sciences _xResearch. |
|
| 700 | 1 | _aFlick, Uwe. | |
| 700 | 1 | _aKardorff, Ernst von. | |
| 700 | 1 | _aSteinke, Ines. | |
| 907 |
_a.b10237380 _b09-04-18 _c16-03-07 |
||
| 003 | |||
| 005 | 20230123134415.0 | ||
| 040 | _cNUST | ||
| 942 |
_cBOOKS _kH62 _mCOM |
||
| 999 |
_c165397 _d165397 |
||